| 000 | 00364 a2200145 4500 | ||
|---|---|---|---|
| 005 | 20250531132613.0 | ||
| 020 | _a0-141-02525-5 | ||
| 082 | _aREF 657.03 NOB | ||
| 100 | _aNOBES, C | ||
| 245 | _aThe Penguin Dictionary of Accounting. | ||
| 250 | _a2rd Ed | ||
| 260 |
_aLondon, _bPenguin, _c2006. |
||
| 300 |
_aix,292p.: ill.; figure, table _c20cm. |
||
| 942 |
_2ddc _cBKS |
||
| 999 |
_c2922 _d2922 |
||